01198 a2200229 45000010006000000050017000060080041000230030015000640400040000790800109001192450057002280200022002852640032003073000022003395050412003610410008007739420007007815900036007881000023008249990015008479520106008626308720260407155926.0260407a1995 arg spa dAR-UNSa-BCEJYS aAR-UNSa-BCEJYSbspacAR-UNSa-BCEJYS a339.9xEconomía internacional en general. Relaciones económicas internacionales. Economía mundial 10aEconomía internacional e integración económica a978-84-481-1626-2 1aMadrid :bMcGraw-Hillc1995 ax, 246 p.c23 cm. a1. La economía internacional: una introducción – 2. El comercio internacional – 3. Políticas comerciales – 4. Tipos de cambio y sistemas de paridades – 5. Las interdependencias en la economía mundial – 6. Integración comercial – 7. Integración monetaria – 8. La economía internacional y el crecimiento económico – 9. Los países en transición a economías de mercado -  aspa cBK aniveau_biblio:m niveau_hierar:01 aTugores Ques, Juan c7987d7987 00104070aBCEJYSbBCEJYSc16d2026-04-07l0o339.9 T883pL65139r2026-04-07 15:59:26w2026-04-07yL